| 000 | 00770 a2200229 4500 | ||
|---|---|---|---|
| 003 | NUST | ||
| 005 | 20230526144552.0 | ||
| 010 | _a 79027493 | ||
| 020 | _a0574212256 : | ||
| 040 | _cNust | ||
| 082 | 0 | 0 | _a004.22,INT |
| 245 | 0 | 0 |
_aIntroduction to computer architecture / _cHarold S. Stone, editor ; Tien Chi Chen ... [et al.]. |
| 250 | _a2d ed. | ||
| 260 |
_aChicago : _bScience Research Associates, _cc1980. |
||
| 300 |
_a673 p. ; _bill. ; _c24 cm. |
||
| 440 | 4 |
_aThe SRA computer science series _925749 |
|
| 505 | _aPart I: Basic Computer Architecture (Page-3), Part II:Advanced Topics (Page-319 ). | ||
| 650 | 0 | _aComputer architecture. | |
| 700 | 1 |
_aChen, Tien Chi, _d1928- _925750 |
|
| 700 | 1 |
_aStone, Harold S., _d1938- _925751 |
|
| 942 |
_2ddc _cBK _k004.22,INT |
||
| 999 |
_c176071 _d176071 |
||